[Event "GER-ch U25-B"]
[Site "Willingen"]
[Date "2016.05.19"]
[Round "7"]
[White "Waligora, Franciszek"]
[Black "Schirrmeister, Laura"]
[Result "1/2-1/2"]
[WhiteElo "1021"]
[BlackElo "1253"]
[PlyCount "58"]
[EventDate "2016.05.15"]
[EventType "swiss"]
[EventRounds "9"]
[EventCountry "GER"]
[SourceTitle "CBM 172 Extra"]
[Source "ChessBase"]
[SourceDate "2016.06.21"]
[SourceVersion "1"]
[SourceVersionDate "2016.06.21"]
[SourceQuality "1"]

1. e4 e6 2. d4 d5 3. Nc3 dxe4 4. Nxe4 Nd7 5. Bd3 Ngf6 6. Qe2 Nxe4 7. Bxe4 Nf6 8. Bxb7 Rb8 9. Bxc8 Qxc8 10. Nf3 Bd6 11. 0-0 0-0 12. b3 c5 13. dxc5 Qxc5 14. Be3 Qc7 15. h3 Rbd8 16. Bg5 Be7 17. Rad1 h6 18. Bxf6 Bxf6 19. Rxd8 Rxd8 20. Rd1 Rxd1+ 21. Qxd1 Qd8 22. Qxd8+ Bxd8 23. Kf1 Kf8 24. Ke2 Ke7 25. Nd4 Bb6 26. Nb5 Kd7 27. f3 g6 28. Kd3 Kc6 29. Kc4 h5 1/2-1/2

[Event "GER-ch U25-B"]
[Site "Willingen"]
[Date "2016.05.15"]
[Round "1"]
[White "Reyher, Susan"]
[Black "Schirrmeister, Laura"]
[Result "1-0"]
[WhiteElo "1593"]
[BlackElo "1253"]
[PlyCount "49"]
[EventDate "2016.05.15"]
[EventType "swiss"]
[EventRounds "9"]
[EventCountry "GER"]
[SourceTitle "CBM 172 Extra"]
[Source "ChessBase"]
[SourceDate "2016.06.21"]
[SourceVersion "1"]
[SourceVersionDate "2016.06.21"]
[SourceQuality "1"]

1. e4 e6 2. d4 d5 3. exd5 exd5 4. Bd3 Bd6 5. Nf3 Nf6 6. 0-0 0-0 7. Re1 Nbd7 8. Nbd2 c5 9. c3 Qc7 10. Nf1 b6 11. Bd2 Bb7 12. b3 cxd4 13. Nxd4 Ne5 14. Qc2 Nxd3 15. Qxd3 Rac8 16. Ng3 Ng4 17. Qf5 Nf6 18. Nb5 Qb8 19. f3 Bc6 20. Nxd6 Qxd6 21. Qg5 h6 22. Qe3 Qc5 23. Nf5 Qxe3+ 24. Rxe3 Rcd8 25. Ne7+ 1-0

[Event "GER-chT U20 Girls"]
[Site "Osnabrueck"]
[Date "2013.12.29"]
[Round "6.4"]
[White "Klotz, Diana"]
[Black "Schirrmeister, Laura"]
[Result "0-1"]
[WhiteElo "1000"]
[BlackElo "992"]
[PlyCount "92"]
[EventDate "2013.12.27"]
[EventType "team-swiss"]
[EventRounds "7"]
[EventCountry "GER"]
[SourceTitle "EXT 2015"]
[Source "ChessBase"]
[SourceDate "2014.11.20"]
[SourceVersion "1"]
[SourceVersionDate "2014.11.20"]
[SourceQuality "1"]
[WhiteTeam "Leipzig Lindenau"]
[BlackTeam "Burgtonna"]
[WhiteTeamCountry "GER"]
[BlackTeamCountry "GER"]

1. Nf3 g6 2. e3 Nf6 3. Be2 Bg7 4. 0-0 d6 5. h3 c5 6. Nc3 Nbd7 7. d3 0-0 8. e4 a6 9. Bf4 e5 10. Be3 b5 11. Ng5 Bb7 12. Bf3 b4 13. Ne2 d5 14. Ng3 d4 15. Bd2 a5 16. a3 bxa3 17. bxa3 Rb8 18. c3 dxc3 19. Bxc3 h6 20. Nxf7 Rxf7 21. a4 Ba6 22. Qe1 c4 23. dxc4 Bxc4 24. Bxa5 Nb6 25. Be2 Bxe2 26. Qxe2 Ra8 27. Bc3 Nfd7 28. a5 Nc8 29. Bd2 Nc5 30. Bc3 Nb3 31. Ra3 Nxa5 32. Qe1 Rfa7 33. Qd2 Qxd2 34. Bxd2 Nc4 35. Rc3 Nxd2 36. Re3 Nxf1 37. Kxf1 Nd6 38. Rd3 Bf8 39. Rd5 Ra5 40. Rd3 Ra1+ 41. Ke2 R8a2+ 42. Ke3 Ra3 43. Ne2 Nc4+ 44. Kf3 Rxd3+ 45. Kg4 h5+ 46. Kh4 Be7# 0-1

[Event "GER-chT U18 Girls"]
[Site "Germany"]
[Date "2012.05.05"]
[Round "5.4"]
[White "Seeger, Amelie"]
[Black "Schirrmeister, Laura"]
[Result "0-1"]
[WhiteElo "800"]
[BlackElo "1135"]
[PlyCount "52"]
[EventDate "2012.05.04"]
[EventType "team-swiss"]
[EventRounds "7"]
[EventCountry "GER"]
[SourceTitle "EXT 2014"]
[Source "ChessBase"]
[SourceDate "2013.11.20"]
[SourceVersion "1"]
[SourceVersionDate "2013.11.20"]
[SourceQuality "1"]
[WhiteTeam "Viernheim (W)"]
[BlackTeam "Bad Langensalza (W)"]
[WhiteTeamCountry "GER"]
[BlackTeamCountry "GER"]

1. e4 d6 2. Bc4 Nf6 3. d3 g6 4. Nf3 Bg7 5. Nc3 c5 6. 0-0 0-0 7. h3 a6 8. Nd5 Nbd7 9. Nxf6+ Nxf6 10. e5 dxe5 11. Nxe5 b5 12. Nc6 Qd6 13. Na5 bxc4 14. Nxc4 Qc6 15. Ne5 Qe6 16. Qf3 Rb8 17. Re1 Bb7 18. Qe2 Qd5 19. f3 Nh5 20. c4 Qd4+ 21. Be3 Qxe5 22. Qf2 Bc6 23. Bxc5 Qxb2 24. Bxe7 Bd4 25. Qxd4 Qxd4+ 26. Kf1 Ng3# 0-1

[Event "GER-chT U18 Girls"]
[Site "Germany"]
[Date "2012.05.04"]
[Round "3.4"]
[White "Kim, Yun Mi"]
[Black "Schirrmeister, Laura"]
[Result "1-0"]
[WhiteElo "1064"]
[BlackElo "1135"]
[PlyCount "89"]
[EventDate "2012.05.04"]
[EventType "team-swiss"]
[EventRounds "7"]
[EventCountry "GER"]
[SourceTitle "EXT 2014"]
[Source "ChessBase"]
[SourceDate "2013.11.20"]
[SourceVersion "1"]
[SourceVersionDate "2013.11.20"]
[SourceQuality "1"]
[WhiteTeam "Trier (W)"]
[BlackTeam "Bad Langensalza (W)"]
[WhiteTeamCountry "GER"]
[BlackTeamCountry "GER"]

1. e4 d6 2. d4 g6 3. Nf3 Bg7 4. Nc3 Nf6 5. Bf4 c5 6. Bc4 Nc6 7. e5 dxe5 8. dxe5 Qxd1+ 9. Rxd1 Ng4 10. Rd5 b6 11. Bb5 Bb7 12. Bxc6+ Bxc6 13. Rd2 0-0 14. Re2 Rad8 15. h3 Nh6 16. Bxh6 Bxh6 17. 0-0 f6 18. Nh2 Bf4 19. exf6 Rxf6 20. Rxe7 a5 21. Ng4 Rff8 22. Ne2 Bd6 23. Nh6+ Kh8 24. Nf7+ Kg8 25. Nxd8 Bxe7 26. Nxc6 Bf6 27. b3 Rc8 28. Na7 Ra8 29. Nb5 a4 30. Rd1 axb3 31. axb3 Ra2 32. Rd2 Ra5 33. c4 Ra6 34. Ng3 Be5 35. Rd5 Bf6 36. Rd6 Bg5 37. Nc7 Bf4 38. Nxa6 Bxd6 39. Kf1 Kf7 40. Ke2 Ke6 41. Ke3 Ke5 42. f4+ Ke6 43. Ke4 h6 44. Ne2 Be7 45. g4 1-0

[Event "Friedrichroda op 12th"]
[Site "Friedrichroda"]
[Date "2008.08.07"]
[Round "2"]
[White "Schirrmeister, Laura"]
[Black "Krutsch, Thomas"]
[Result "0-1"]
[WhiteElo "823"]
[BlackElo "1433"]
[PlyCount "50"]
[EventDate "2008.08.06"]
[EventType "swiss"]
[EventRounds "7"]
[EventCountry "GER"]
[SourceTitle "CBM 126 Extra"]
[Source "ChessBase"]
[SourceDate "2008.11.05"]
[SourceVersion "1"]
[SourceVersionDate "2008.11.05"]
[SourceQuality "1"]
[WhiteTeam "Attikis Aspropirgos (W)"]
[BlackTeam "Attikis Aspropirgos (W)"]
[WhiteTeamCountry "GRE"]
[BlackTeamCountry "GRE"]

1. e4 c6 2. Nf3 d5 3. Bd3 Bg4 4. Nc3 e6 5. 0-0 Nd7 6. exd5 cxd5 7. Bb5 Ngf6 8. d3 Bd6 9. Bg5 h6 10. Bxd7+ Kxd7 11. Be3 a6 12. Na4 Rb8 13. Ba7 Qc7 14. c4 Rbc8 15. Nb6+ Ke7 16. Re1 dxc4 17. dxc4 Kf8 18. Na4 e5 19. c5 Be7 20. Qd3 e4 21. Bb6 Qf4 22. Qe2 exf3 23. gxf3 Bxf3 24. Qe5 Qg4+ 25. Kf1 Qg2# 0-1